BIBLIOTHÈQUE DE LA MAISON DU MEXIQUE

Logo 1 Logo 2

Jornada internacional consecuencias psicosociales de las migraciones y el exilio (notice nᵒ 1489)

détails MARC
000 -Sello discográfico
campo de control de longitud fija 01253nam a2200325 4500
005 - Identificación de versión
campo de control 20251016083004.0
010 ## - Número Estándar Internacional de Libros (ISBN)
Número (ISBN) 968-840-455-1
035 ## - Otros números de control del sistema
Número de control del sistema 19333
099 ## - fechas locales
Tipo de ítem Koha LIBRO
100 ## - Datos de procesamiento general
Datos de procesamiento general 19970411d1989 m y1spay5003 ba
105 ## - Campo de datos codificados: Material textual, monográfico
Datos codificados de monografía y 101zy
200 1# - Título y mención de responsabilidad
Título propio Jornada internacional consecuencias psicosociales de las migraciones y el exilio
Designación general del material texto impreso
Primer mención de responsabilidad Coordinación Mónica Casalet Ravena, Sonia Comboni Salinas
210 ## - Publicación, distribución, etc.
Lugar de publicación, distribución, etc. México
Nombre del editor, distribuidor, etc. Universidad Autónoma Metropolitana, Unidad Xochimilco
Fecha de publicación, distribución, etc. 1989
215 ## - Descripción física
Designación de material específico y extensión del ítem 171 p
Dimensiones 21 cm
345 ## - Nota de información de adquisición
Fuente de adquisición/dirección de la suscripción [OBSOLETO] Donación
606 ## - Término temático usado como materia
Elemento de entrada Emigración e inmigración
Subdivisión temática Aspectos psicológicos
Número Koha 3803
606 ## - Término temático usado como materia
Elemento de entrada Emigración e inmigración
Subdivisión temática Aspectos sociales
Número Koha 3804
606 ## - Término temático usado como materia
Elemento de entrada Refugiados
Subdivisión temática Congresos
Número Koha 3805
660 ## - Código de área geográfica
Código MX
702 ## - Nombre personal - Responsabilidad secundaria
Elemento de entrada Casalet Ravana
Parte del nombre distinta del elemento de entrada Mónica
Número Koha 3806
702 ## - Nombre personal - Responsabilidad secundaria
Elemento de entrada Comboni Salinas
Parte del nombre distinta del elemento de entrada Sonia
Número Koha 3807
710 ## - Nombre de entidad corporativa - Responsabilidad primaria
Elemento de entrada Jornada Internacional consecuencias psicosociales de las migraciones y el exilio
Fecha de la reunión Diciembre 1986
Lugar de la reunión México, D.F
Número Koha 3808
801 #0 - Fuente de origen
Agencia cm
900 ## -
-- 1/13644
900 ## -
-- 710973120\\110497
942 ## - ELEMENTOS DE ENTRADA SECUNDARIOS (KOHA)
Tipo de ítem Koha Livre
996 ## -
-- MEX
-- 751145101
-- MMAG
-- 004271
-- 325 J82 1986
-- 20201130LIV
Exemplaires
Estatus retirado Estado de daño Estado de pérdida Fecha de adquisición Biblioteca de origen Biblioteca actual Ubicación en estantería Código de barras Precio de reemplazo Signatura topográfica completa No para préstamo Tipo de ítem Koha Nota pública Nota no pública
      05/08/2025 Casa México Paris Casa México Paris   004271 05/08/2025 325 J82 1986   Livre 20201130LIV 751145101